[Event "New Challenge"]
[Site "http://www.queenalice.com/game.php?id=143827"]
[Date "2006.12.20"]
[Round "-"]
[White "cbecker"]
[Black "tcorsi"]
[Result "1-0"]
[WhiteElo "1181"]
[BlackElo "1607"]

1. e4 e6 2. Nf3 d5 3. Bb5+ Bd7 4. a4 dxe4 5. Ne5 Bxb5 6. axb5 Qd5 7. f4 Qxb5 8.
Na3 Qd5 9. Nac4 Nc6 10. O-O Nxe5 11. Nxe5 Bc5+ 12. Kh1 Nf6 13. Ra5 Qd6 14. h3
O-O 15. b3 Bb6 16. Ra4 Rad8 17. d3 exd3 18. cxd3 Nd5 19. Qg4 1-0

[Event "Jogo Novo"]
[Site "http://www.queenalice.com/game.php?id=146692"]
[Date "2006.12.27"]
[Round "-"]
[White "cbecker"]
[Black "hugo10"]
[Result "0-1"]
[WhiteElo "1233"]
[BlackElo "1435"]

1. e4 e5 2. Nf3 f6 3. Nc3 Bc5 4. Bb5 c6 5. Bd3 Nh6 6. O-O f5 7. exf5 Nxf5 8.
Bxf5 O-O 9. Nxe5 Qh4 10. b3 Rxf5 11. d4 Bxd4 12. Qd3 Rh5 13. h3 Rxe5 14. Ne2 c5
15. Nxd4 b6 16. Nf3 Qe4 17. Re1 Qxd3 18. cxd3 Rxe1+ 19. Nxe1 Nc6 20. f4 Nd4 21.
Be3 Nf5 22. Bd2 h6 23. Nf3 g5 24. Ne5 Nd4 25. Ng6 Nc2 26. Ne7+ Kh7 27. Rc1 Nd4
28. f5 Kg7 29. Re1 Nc2 30. f6+ Kxf6 31. Ng8+ Kg7 32. Ne7 Bb7 33. Nf5+ Kg6 34.
Ne7+ Kh7 35. Re5 Re8 36. a4 d6 37. Re6 Nd4 38. Rf6 Rxe7 39. Bc3 Nxb3 40. h4 gxh4
41. Be1 Rxe1+ 42. Kh2 Kg7 43. Rxd6 Rd1 44. Rd7+ Kg6 45. Rd8 Rd2 46. Rg8+ Kf5 47.
Rh8 Rxg2+ 48. Kh1 h3 49. Rf8+ Ke5 50. Re8+ Kd4 51. Rd8+ Kc3 52. d4 cxd4 53. Rd7
Bc6 54. Rxa7 d3 55. Rc7 Na5 56. Ra7 d2 57. Ra6 d1=R# 0-1

[Event "Challenge"]
[Site "http://www.queenalice.com/game.php?id=151570"]
[Date "2007.1.8"]
[Round "-"]
[White "corvo"]
[Black "cbecker"]
[Result "1-0"]
[WhiteElo "1415"]
[BlackElo "1235"]

1. d4 d5 2. Nc3 Nf6 3. Bg5 h6 4. Bxf6 gxf6 5. Nxd5 Bg4 6. f3 e6 7. Ne3 Bb4+ 8.
c3 Ba5 9. Nc4 Nc6 10. Qa4 Qd5 11. fxg4 O-O-O 12. O-O-O e5 13. e4 Qxe4 14. Be2
Rd5 15. Nxa5 Rxa5 16. Qc4 exd4 17. cxd4 Nxd4 18. Bd3 Ne2+ 19. Nxe2 Qe5 20. Rhe1
Re8 21. Ng3 Qb5 22. Qxb5 b6 23. Qxe8+ Kb7 24. Qxf7 Rxa2 25. Qxa2 c5 26. Ba6+ Kc7
27. Re7+ Kc6 28. Qd5# 1-0

[Event "Challenge"]
[Site "http://www.queenalice.com/game.php?id=176196"]
[Date "2007.3.2"]
[Round "-"]
[White "Macuei"]
[Black "cbecker"]
[Result "1-0"]
[WhiteElo "1674"]
[BlackElo "1226"]

1. e4 e5 2. Qh5 Nf6 3. Qxe5+ Be7 4. Bc4 O-O 5. d3 Nc6 6. Qg3 Nd4 7. Bb3 Bb4+ 8.
c3 Nh5 9. Qh3 g6 10. cxb4 b6 11. Qe3 c5 12. Ne2 d5 13. Na3 Nc2+ 14. Nxc2 dxe4
15. Qxe4 Nf6 16. Qxa8 Re8 17. Qxa7 Kg7 18. Qxf7+ Kh8 19. Bh6 Rg8 20. Bg5 Ng4 21.
Bxd8 1-0

[Event "Velhos tempos"]
[Site "http://www.queenalice.com/game.php?id=857360"]
[Date "2010.11.10"]
[Round "-"]
[White "cbecker"]
[Black "fpferreira"]
[Result "0-1"]
[WhiteElo "1217"]
[BlackElo "1367"]

1. f4 e6 2. c4 Bd6 3. Nf3 Bxf4 4. g3 Bd6 5. a3 Nf6 6. b4 Nc6 7. Bb2 O-O 8. d3
Qe7 9. c5 Bxg3+ 10. hxg3 d5 11. Qa4 Bd7 12. Ng5 h6 0-1

[Event "Let's Play Chess!"]
[Site "http://www.queenalice.com/game.php?id=1797447"]
[Date "2022.10.5"]
[Round "-"]
[White "Charles56"]
[Black "cbecker"]
[Result "1-0"]
[WhiteElo "1646"]
[BlackElo "1177"]

1. Nc3 e5 2. e4 Bb4 3. a3 Bc5 4. h3 h5 5. Nf3 f6 6. d4 Bxd4 7. Nxd4 exd4 8. Qxd4
Nc6 9. Qe3 d6 10. Bb5 a6 11. Ba4 b5 12. Bb3 a5 13. Qf3 Ne5 14. Qg3 h4 15. Qxg7
Ne7 16. Qxh8+ Kd7 17. Qxf6 a4 18. Qe6+ Kc6 19. Bd5+ Kb6 20. Be3+ Ka5 21. Qf6
Nxd5 22. Qxd8 Nd3+ 23. cxd3 Nb6 24. Qxc7 Be6 25. Qxb6# 1-0